|
|
|
|
| LEADER |
00000nab a2200000 a 4500 |
| 001 |
vtls008932176 |
| 003 |
SK-MaSNL |
| 005 |
20260304140101.0 |
| 008 |
250505c2006 xo mr|p|||||||000 b|slo |
| 015 |
|
|
|a SNBRB2007/01
|2 snkbucl
|
| 035 |
|
|
|a (uuid)7bd2dc30-91cc-44c1-b887-cf35d8693db6
|
| 035 |
|
|
|a urn:nbn:sk:snk-abc172
|
| 035 |
|
|
|a (urnnbn)urn:nbn:sk:snk:ar-003ybj
|
| 038 |
|
|
|a SNKBUCL
|
| 040 |
|
|
|a SNKBUCL
|b slo
|c SNKBUCL
|e AACR2
|
| 041 |
0 |
|
|a slo
|
| 044 |
|
|
|a xo
|c SK
|
| 080 |
|
|
|a 82.09:821.133.1 (65)-31
|x (048)
|2 1997
|
| 080 |
|
|
|a 821.133.1 (65)-31
|x (048)
|2 1997
|
| 100 |
1 |
|
|a Ruttkayová, Ivica,
|d 1963-
|4 aut
|9 192963
|
| 245 |
1 |
0 |
|a Fa i za Guénová: Zajtra bude lepšie
|c Ivica Ruttkayová
|
| 650 |
0 |
7 |
|a spoločenské romány, alžírske francúzske
|x recenzie
|2 snkbucl
|9 1456117
|
| 655 |
|
7 |
|a recenzie
|2 snkbucl
|9 21907
|
| 773 |
0 |
|
|t Dotyky
|g Roč. XVIII, č. 2 (2006), s. 86-87
|x 1210-2210
|
| 787 |
0 |
8 |
|i Rec.:
|a Guéne, Faiza, 1985-
|t Zajtra bude lepšie
|d Bratislava : Ikar, 2006
|z 8055111545
|
| 850 |
|
|
|a Slovenská národná knižnica
|
| 852 |
|
|
|a Slovenská národná knižnica
|
| 958 |
|
|
|a article15
|
| 958 |
|
|
|a OND
|
| 958 |
|
|
|a LX
|
| 958 |
|
|
|a DZ
|
| 958 |
|
|
|a RC
|
| 958 |
|
|
|a EUIPO
|
| 999 |
|
|
|c 2913513
|d 2915443
|